000 00255nam a2200109Ia 4500
008 190216s9999||||xx |||||||||||||| ||und||
100 _aPonkunnanvarkey
245 0 _aManushyan
260 _bNational Book Stall
650 _aMalayalam Nadakam
942 _cBK
999 _c24367
_d24367